[Event "Wch Seniors 16th"]
[Site "Arvier"]
[Date "2006.09.11"]
[Round "1"]
[White "Speijer, Nico Bram"]
[Black "Smits, Oswald"]
[Result "1-0"]
[WhiteElo "2201"]
[BlackElo "1887"]
[PlyCount "77"]
[EventDate "2006.09.11"]
[EventType "swiss"]
[EventRounds "11"]
[EventCountry "ITA"]
[SourceTitle "CBM 114 Extra"]
[Source "ChessBase"]
[SourceDate "2006.11.03"]
[SourceVersion "1"]
[SourceVersionDate "2006.11.03"]
[SourceQuality "1"]

1. e4 c5 2. Nf3 d6 3. d4 cxd4 4. Nxd4 Nf6 5. Nc3 a6 6. Be3 b5 7. f3 Bb7 8. Qd2 Nbd7 9. 0-0-0 Rc8 10. Kb1 Nc5 11. Nb3 Ncd7 12. Qf2 g6 13. g4 Bg7 14. Bd3 0-0 15. h4 h5 16. gxh5 Nxh5 17. Nd5 Bxd5 18. exd5 Ne5 19. Be2 Nc4 20. Bd4 Qc7 21. Rc1 Nf4 22. Bxg7 Nxe2 23. Qxe2 Kxg7 24. h5 Rh8 25. hxg6 fxg6 26. Nd4 Qd7 27. Ne6+ Kf6 28. Qg2 Rcg8 29. Qg5+ Kf7 30. Rxh8 Rxh8 31. Rg1 Rg8 32. Qf4+ Ke8 33. Rxg6 Rh8 34. a3 Qb7 35. Qg4 Qc8 36. Qd4 Ne5 37. Rg1 Qc4 38. Qa7 Qxd5 39. Nc7+ 1-0

[Event "Wch Seniors 09th"]
[Site "Gladenbach"]
[Date "1999.11.18"]
[Round "9"]
[White "Gerenski, Hristo"]
[Black "Speijer, Nico Bram"]
[Result "1/2-1/2"]
[WhiteElo "2320"]
[BlackElo "2125"]
[PlyCount "66"]
[EventDate "1999.11.07"]
[EventType "swiss"]
[EventRounds "11"]
[EventCountry "GER"]
[SourceTitle "EXT 2001"]
[Source "ChessBase"]
[SourceDate "2000.11.22"]
[SourceVersion "1"]
[SourceVersionDate "2000.11.22"]
[SourceQuality "1"]

1. d4 Nf6 2. c4 g6 3. Nc3 Bg7 4. e4 d6 5. Be2 0-0 6. Nf3 e5 7. 0-0 Nc6 8. d5 Ne7 9. Ne1 Nd7 10. Nd3 Kh8 11. Bd2 f5 12. f3 Ng8 13. Rc1 Ngf6 14. b4 Qe7 15. Nf2 Ne8 16. Qc2 Ndf6 17. Qb3 Nh5 18. Rfe1 Bf6 19. Bf1 Bg5 20. Qc2 Bxd2 21. Qxd2 f4 22. c5 g5 23. Rc2 Nhf6 24. cxd6 cxd6 25. Nb5 g4 26. Rec1 Bd7 27. fxg4 Nxg4 28. Nxg4 Bxg4 29. Nc7 Rc8 30. Nxe8 Rfxe8 31. Rxc8 Rxc8 32. Rxc8+ Bxc8 33. Qf2 b6 1/2-1/2

[Event "Goch op 08th"]
[Site "Goch"]
[Date "1997.10.18"]
[Round "5"]
[White "Speijer, Nico Bram"]
[Black "Fiederling, Wilfried"]
[Result "1/2-1/2"]
[WhiteElo "2160"]
[BlackElo "2029"]
[PlyCount "33"]
[EventDate "1997.10.16"]
[EventType "swiss"]
[EventRounds "7"]
[EventCountry "GER"]
[SourceTitle "EXT 2001"]
[Source "ChessBase"]
[SourceDate "2000.11.22"]
[SourceVersion "1"]
[SourceVersionDate "2000.11.22"]
[SourceQuality "1"]

1. e4 c5 2. Nf3 Nc6 3. d4 cxd4 4. Nxd4 g6 5. c4 Nf6 6. Nc3 d6 7. Be2 Nxd4 8. Qxd4 Bg7 9. Be3 0-0 10. Qd2 Be6 11. 0-0 Qa5 12. f3 Rfc8 13. b3 a6 14. Rac1 b5 15. Nd5 Qxd2 16. Bxd2 Nxd5 17. cxd5 1/2-1/2

[Event "Goch op 08th"]
[Site "Goch"]
[Date "1997.10.17"]
[Round "3"]
[White "Speijer, Nico Bram"]
[Black "Schaub, Steffen"]
[Result "1-0"]
[WhiteElo "2160"]
[BlackElo "1883"]
[PlyCount "56"]
[EventDate "1997.10.16"]
[EventType "swiss"]
[EventRounds "7"]
[EventCountry "GER"]
[SourceTitle "EXT 2001"]
[Source "ChessBase"]
[SourceDate "2000.11.22"]
[SourceVersion "1"]
[SourceVersionDate "2000.11.22"]
[SourceQuality "1"]

1. e4 e5 2. f4 exf4 3. Nf3 g5 4. Bc4 Bg7 5. h4 h6 6. d3 d6 7. Nc3 Nc6 8. Bb3 Be6 9. Bd2 Qe7 10. Ba4 0-0-0 11. Bxc6 bxc6 12. Qe2 Qf6 13. hxg5 hxg5 14. Rxh8 Bxh8 15. 0-0-0 Ne7 16. e5 dxe5 17. Ne4 Qf5 18. Nfxg5 Nd5 19. d4 exd4 20. Nxe6 Qxe6 21. Qa6+ Kb8 22. Nc5 Qc8 23. Qxc6 Rd6 24. Qb5+ Ka8 25. Rh1 Rb6 26. Qc4 Ne3 27. Qxf7 Be5 28. Bxe3 fxe3 1-0

[Event "Haarlem AKN op 05th"]
[Site "Haarlem"]
[Date "1996.??.??"]
[Round "3"]
[White "Peng, Zhaoqin"]
[Black "Speijer, Nico Bram"]
[Result "1-0"]
[WhiteElo "2410"]
[BlackElo "2245"]
[PlyCount "61"]
[EventDate "1996.07.??"]
[EventType "swiss"]
[EventRounds "6"]
[EventCountry "NED"]
[SourceTitle "EXT 2000"]
[Source "ChessBase"]
[SourceDate "1999.11.16"]
[SourceVersion "1"]
[SourceVersionDate "1999.11.16"]
[SourceQuality "1"]

1. c4 Nf6 2. Nc3 g6 3. d4 Bg7 4. e4 d6 5. Nf3 0-0 6. Be2 e5 7. 0-0 Nc6 8. d5 Ne7 9. b4 Nh5 10. Re1 Nf4 11. Bf1 h6 12. c5 g5 13. Nd2 f5 14. Nc4 Rf7 15. cxd6 cxd6 16. Nb5 Rf6 17. Be3 fxe4 18. Bxa7 Bf5 19. Bb6 Qd7 20. Nc3 Raf8 21. Ne3 Bg6 22. Bb5 Qc8 23. Rc1 Bh5 24. Qd2 Nh3+ 25. gxh3 Qxh3 26. Nxe4 Rf4 27. Bf1 Qh4 28. Ng2 Qg4 29. Be2 Qh3 30. Nxf4 Rxf4 31. Rc3 1-0